[Event "Passau op 6th"]
[Site "Passau"]
[Date "1998.04.11"]
[Round "4"]
[White "Kaiser, Wolfgang"]
[Black "Appel, Gerhard"]
[Result "1/2-1/2"]
[WhiteElo "2400"]
[BlackElo "2010"]
[PlyCount "81"]
[EventDate "1998.04.10"]
[EventType "swiss"]
[EventRounds "7"]
[EventCountry "GER"]
[SourceTitle "EXT 1999"]
[Source "ChessBase"]
[SourceDate "1998.11.16"]
[SourceVersion "1"]
[SourceVersionDate "1998.11.16"]
[SourceQuality "1"]

1. Nf3 Nf6 2. g3 g6 3. b3 Bg7 4. Bb2 0-0 5. Bg2 d5 6. c4 c6 7. 0-0 Nbd7 8. Na3 Re8 9. cxd5 cxd5 10. Rc1 a6 11. d3 Nf8 12. Rc2 Be6 13. Qa1 Rc8 14. Rxc8 Bxc8 15. Nc2 Bg4 16. Ne3 Bxf3 17. Bxf3 e6 18. Ng4 N8d7 19. Ne5 Bf8 20. Nxd7 Nxd7 21. Rc1 Qb8 22. Rc2 Rc8 23. Qc1 Rxc2 24. Qxc2 Bg7 25. Bxg7 Kxg7 26. d4 Nf6 27. Qc5 Qe8 28. Qc7 Qd7 29. Qe5 Qd8 30. h4 h5 31. e3 Kg8 32. Qg5 Kf8 33. b4 Qe7 34. Qe5 Kg8 35. a3 Qd8 36. Kg2 Ne8 37. Be2 Qd6 38. Qg5 Ng7 39. g4 hxg4 40. Bxg4 Kf8 41. Qh6 1/2-1/2

[Event "Passau op 6th"]
[Site "Passau"]
[Date "1998.04.10"]
[Round "1"]
[White "Appel, Gerhard"]
[Black "Eberhart, Dieter"]
[Result "1/2-1/2"]
[WhiteElo "2011"]
[BlackElo "1300"]
[PlyCount "65"]
[EventDate "1998.04.10"]
[EventType "swiss"]
[EventRounds "7"]
[EventCountry "GER"]
[SourceTitle "EXT 1999"]
[Source "ChessBase"]
[SourceDate "1998.11.16"]
[SourceVersion "1"]
[SourceVersionDate "1998.11.16"]
[SourceQuality "1"]

1. c4 e5 2. Nc3 Nf6 3. Nf3 Nc6 4. d4 exd4 5. Nxd4 Bc5 6. Nb3 Bb4 7. Bg5 h6 8. Bh4 Qe7 9. f3 d6 10. e4 Ne5 11. Nd4 Ng6 12. Bf2 0-0 13. Be2 Rd8 14. Qb3 a5 15. 0-0 b6 16. Nc6 Qd7 17. Nxd8 Qxd8 18. Nd5 Nxd5 19. cxd5 Bb7 20. a3 Bd2 21. Qc2 Bg5 22. g3 Rc8 23. b4 Bf6 24. Rab1 Ba8 25. Rfc1 axb4 26. Rxb4 Bb7 27. Ra4 c6 28. Bxb6 Qxb6+ 29. Kg2 cxd5 30. Qb1 Qxb1 31. Rxb1 Ba8 32. Ba6 Re8 33. exd5 1/2-1/2

[Event "Passau op 6th"]
[Site "Passau"]
[Date "1998.04.10"]
[Round "2"]
[White "Hisker, Silvia"]
[Black "Appel, Gerhard"]
[Result "0-1"]
[WhiteElo "1493"]
[BlackElo "2011"]
[PlyCount "46"]
[EventDate "1998.04.10"]
[EventType "swiss"]
[EventRounds "7"]
[EventCountry "GER"]
[SourceTitle "EXT 1999"]
[Source "ChessBase"]
[SourceDate "1998.11.16"]
[SourceVersion "1"]
[SourceVersionDate "1998.11.16"]
[SourceQuality "1"]

1. Nf3 Nf6 2. d4 g6 3. Bf4 Bg7 4. e3 0-0 5. c4 c5 6. Nc3 cxd4 7. exd4 d5 8. Qb3 dxc4 9. Bxc4 Nc6 10. Nb5 Na5 11. Qc2 Nxc4 12. Qxc4 Be6 13. Qc7 Nd5 14. Qxd8 Rfxd8 15. Be3 a6 16. Nc3 Nb4 17. 0-0 Nc2 18. Rad1 Bc4 19. Rd2 Bxf1 20. Kxf1 Nb4 21. Ke2 Rac8 22. a3 Nd5 23. Ne4 f5 0-1